Formule 1 - Les Champions du Monde - Statistiques

Statistiques générales
  • Ce quiz a été pris 13 fois
  • Le résultat moyen est 45 sur 76
Statistiques - réponses
Année Pilote Pays % Correct
2006 Fernando Alonso langfr-1920px-Flag_of_Spain.svg.png Espagne
100%
2005 Fernando Alonso langfr-1920px-Flag_of_Spain.svg.png Espagne
100%
2025 Lando Norris langfr-1920px-Flag_of_the_United_Kingdom_%283-5%29.svg.png Royaume-Uni
100%
2020 Lewis Hamilton langfr-1920px-Flag_of_the_United_Kingdom_%283-5%29.svg.png Royaume-Uni
100%
2019 Lewis Hamilton langfr-1920px-Flag_of_the_United_Kingdom_%283-5%29.svg.png Royaume-Uni
100%
2018 Lewis Hamilton langfr-1920px-Flag_of_the_United_Kingdom_%283-5%29.svg.png Royaume-Uni
100%
2017 Lewis Hamilton langfr-1920px-Flag_of_the_United_Kingdom_%283-5%29.svg.png Royaume-Uni
100%
2015 Lewis Hamilton langfr-1920px-Flag_of_the_United_Kingdom_%283-5%29.svg.png Royaume-Uni
100%
2014 Lewis Hamilton langfr-1920px-Flag_of_the_United_Kingdom_%283-5%29.svg.png Royaume-Uni
100%
2008 Lewis Hamilton langfr-1920px-Flag_of_the_United_Kingdom_%283-5%29.svg.png Royaume-Uni
100%
2024 Max Verstappen langfr-1920px-Flag_of_the_Netherlands.svg.png Pays-Bas
100%
2023 Max Verstappen langfr-1920px-Flag_of_the_Netherlands.svg.png Pays-Bas
100%
2022 Max Verstappen langfr-1920px-Flag_of_the_Netherlands.svg.png Pays-Bas
100%
2021 Max Verstappen langfr-1920px-Flag_of_the_Netherlands.svg.png Pays-Bas
100%
2004 Michael Schumacher langfr-1920px-Flag_of_Germany.svg.png Allemagne
100%
2003 Michael Schumacher langfr-1920px-Flag_of_Germany.svg.png Allemagne
100%
2002 Michael Schumacher langfr-1920px-Flag_of_Germany.svg.png Allemagne
100%
2001 Michael Schumacher langfr-1920px-Flag_of_Germany.svg.png Allemagne
100%
2000 Michael Schumacher langfr-1920px-Flag_of_Germany.svg.png Allemagne
100%
2007 Kimi Räikkönen langfr-1920px-Flag_of_Finland.svg.png Finlande
91%
2016 Nico Rosberg langfr-1920px-Flag_of_Germany.svg.png Allemagne
91%
2013 Sebastian Vettel langfr-1920px-Flag_of_Germany.svg.png Allemagne
91%
2012 Sebastian Vettel langfr-1920px-Flag_of_Germany.svg.png Allemagne
91%
2011 Sebastian Vettel langfr-1920px-Flag_of_Germany.svg.png Allemagne
91%
2010 Sebastian Vettel langfr-1920px-Flag_of_Germany.svg.png Allemagne
91%
1993 Alain Prost langfr-1920px-Flag_of_France.svg.png France
73%
2009 Jenson Button langfr-1920px-Flag_of_the_United_Kingdom_%283-5%29.svg.png Royaume-Uni
73%
1999 Mika Häkkinen langfr-1920px-Flag_of_Finland.svg.png Finlande
73%
1998 Mika Häkkinen langfr-1920px-Flag_of_Finland.svg.png Finlande
73%
1989 Alain Prost langfr-1920px-Flag_of_France.svg.png France
64%
1986 Alain Prost langfr-1920px-Flag_of_France.svg.png France
64%
1985 Alain Prost langfr-1920px-Flag_of_France.svg.png France
64%
1991 Ayrton Senna langfr-1920px-Flag_of_Brazil.svg.png Brésil
64%
1990 Ayrton Senna langfr-1920px-Flag_of_Brazil.svg.png Brésil
64%
1988 Ayrton Senna langfr-1920px-Flag_of_Brazil.svg.png Brésil
64%
1996 Damon Hill langfr-1920px-Flag_of_the_United_Kingdom_%283-5%29.svg.png Royaume-Uni
64%
1997 Jacques Villeneuve langfr-3840px-Flag_of_Canada_%28Pantone%29.svg.png Canada
64%
1987 Nelson Piquet langfr-1920px-Flag_of_Brazil.svg.png Brésil
64%
1983 Nelson Piquet langfr-1920px-Flag_of_Brazil.svg.png Brésil
64%
1984 Niki Lauda langfr-1920px-Flag_of_Austria.svg.png?utm_source=fr.wikipedia.org&utm_campaign=parser&utm_content=thumbnail Autriche
64%
1995 Michael Schumacher langfr-1920px-Flag_of_Germany.svg.png Allemagne
55%
1994 Michael Schumacher langfr-1920px-Flag_of_Germany.svg.png Allemagne
55%
1981 Nelson Piquet langfr-1920px-Flag_of_Brazil.svg.png Brésil
55%
1982 Keke Rosberg langfr-1920px-Flag_of_Finland.svg.png Finlande
45%
1992 Nigel Mansell langfr-1920px-Flag_of_the_United_Kingdom_%283-5%29.svg.png Royaume-Uni
45%
1975 Niki Lauda langfr-1920px-Flag_of_Austria.svg.png?utm_source=fr.wikipedia.org&utm_campaign=parser&utm_content=thumbnail Autriche
45%
1953 Alberto Ascari langfr-1920px-Flag_of_Italy.svg.png Italie
36%
1952 Alberto Ascari langfr-1920px-Flag_of_Italy.svg.png Italie
36%
1976 James Hunt langfr-1920px-Flag_of_the_United_Kingdom_%283-5%29.svg.png Royaume-Uni
36%
1957 Juan Manuel Fangio langfr-1920px-Flag_of_Argentina.svg.png Argentine
36%
1956 Juan Manuel Fangio langfr-1920px-Flag_of_Argentina.svg.png Argentine
36%
1955 Juan Manuel Fangio langfr-1920px-Flag_of_Argentina.svg.png Argentine
36%
1954 Juan Manuel Fangio langfr-1920px-Flag_of_Argentina.svg.png Argentine
36%
1951 Juan Manuel Fangio langfr-1920px-Flag_of_Argentina.svg.png Argentine
36%
1977 Niki Lauda langfr-1920px-Flag_of_Austria.svg.png?utm_source=fr.wikipedia.org&utm_campaign=parser&utm_content=thumbnail Autriche
36%
1974 Emerson Fittipaldi langfr-1920px-Flag_of_Brazil.svg.png Brésil
27%
1972 Emerson Fittipaldi langfr-1920px-Flag_of_Brazil.svg.png Brésil
27%
1950 Giuseppe Farina langfr-1920px-Flag_of_Italy.svg.png Italie
27%
1973 Jackie Stewart langfr-1920px-Flag_of_the_United_Kingdom_%283-5%29.svg.png Royaume-Uni
27%
1971 Jackie Stewart langfr-1920px-Flag_of_the_United_Kingdom_%283-5%29.svg.png Royaume-Uni
27%
1969 Jackie Stewart langfr-1920px-Flag_of_the_United_Kingdom_%283-5%29.svg.png Royaume-Uni
27%
1979 Jody Scheckter 1920px-Flag_of_South_Africa_%281928%E2%80%931994%2C_dark_colors%29.svg.png?utm_source=commons.wikimedia.org&utm_campaign=index&utm_content=thumbnail&_=20210106174733 Afrique du Sud
27%
1978 Mario Andretti langfr-3840px-Flag_of_the_United_States_%28Pantone%29.svg.png États-Unis
27%
1980 Alan Jones langfr-3840px-Flag_of_Australia_%28converted%29.svg.png?utm_source=fr.wikipedia.org&utm_campaign=parser&utm_content=thumbnail Australie
18%
1967 Denny Hulme langfr-3840px-Flag_of_New_Zealand.svg.png Nouvelle-Zélande
18%
1966 Jack Brabham langfr-3840px-Flag_of_Australia_%28converted%29.svg.png?utm_source=fr.wikipedia.org&utm_campaign=parser&utm_content=thumbnail Australie
18%
1960 Jack Brabham langfr-3840px-Flag_of_Australia_%28converted%29.svg.png?utm_source=fr.wikipedia.org&utm_campaign=parser&utm_content=thumbnail Australie
18%
1959 Jack Brabham langfr-3840px-Flag_of_Australia_%28converted%29.svg.png?utm_source=fr.wikipedia.org&utm_campaign=parser&utm_content=thumbnail Australie
18%
1965 Jim Clark langfr-1920px-Flag_of_the_United_Kingdom_%283-5%29.svg.png Royaume-Uni
18%
1963 Jim Clark langfr-1920px-Flag_of_the_United_Kingdom_%283-5%29.svg.png Royaume-Uni
18%
1970 Jochen Rindt langfr-1920px-Flag_of_Austria.svg.png?utm_source=fr.wikipedia.org&utm_campaign=parser&utm_content=thumbnail Autriche
18%
1964 John Surtees langfr-1920px-Flag_of_the_United_Kingdom_%283-5%29.svg.png Royaume-Uni
18%
1968 Graham Hill langfr-1920px-Flag_of_the_United_Kingdom_%283-5%29.svg.png Royaume-Uni
9%
1962 Graham Hill langfr-1920px-Flag_of_the_United_Kingdom_%283-5%29.svg.png Royaume-Uni
9%
1958 Mike Hawthorn langfr-1920px-Flag_of_the_United_Kingdom_%283-5%29.svg.png Royaume-Uni
9%
1961 Phil Hill langfr-3840px-Flag_of_the_United_States_%28Pantone%29.svg.png États-Unis
9%
Aucun quiz correspondant
Distribution des résultats
% des personnes avec chaque résultat
Percentile par nombre de réponses
Votre historique - résultats
Vous n’avez pas pris ce quiz